ARRUPE JESUIT UNIVERSITY

CORONAVIRUS -STOP THE SPREAD - CLEAN,DISINFECT,COVER

The faceted chamber in the Moscow Kremlin (Record no. 130167)

MARC details
000 -LEADER
fixed length control field 00510nam a22001457a 4500
008 - FIXED-LENGTH DATA ELEMENTS--GENERAL INFORMATION
fixed length control field 200122b ||||| |||| 00| 0 eng d
050 ## - LIBRARY OF CONGRESS CALL NUMBER
Classification number NA6815.G7213
245 ## - TITLE STATEMENT
Title The faceted chamber in the Moscow Kremlin
Statement of responsibility, etc Edited by Aida Nasibova
260 ## - PUBLICATION, DISTRIBUTION, ETC. (IMPRINT)
Place of publication, distribution, etc Leninggrad
Name of publisher, distributor, etc Aurora Art Publishers
Date of publication, distribution, etc 1982
300 ## - PHYSICAL DESCRIPTION
Extent 91p. ;
Dimensions 23cm.
650 ## - SUBJECT ADDED ENTRY--TOPICAL TERM
Topical term or geographic name as entry element Architecture, Renaisance
Geographic subdivision Russia (Federation)
-- Moscow
9 (RLIN) 49004
651 ## - SUBJECT ADDED ENTRY--GEOGRAPHIC NAME
Geographic name Moscow. Granovitaia palata
9 (RLIN) 49005
700 ## - ADDED ENTRY--PERSONAL NAME
Personal name Nasibova, Aida ed.
9 (RLIN) 49006
942 ## - ADDED ENTRY ELEMENTS (KOHA)
Source of classification or shelving scheme Library of Congress Classification
Item type Monograph ( Printed materials)
Holdings
Withdrawn status Lost status Source of classification or shelving scheme Damaged status Not for loan Collection code Home library Current library Shelving location Date acquired Total Checkouts Full call number Barcode Date last seen Price effective from Koha item type
    Library of Congress Classification     Main Collection ARRUPE LIBRARY ARRUPE LIBRARY Main Collection 22/01/2020   NA6815.G7213 46600006190 22/01/2020 22/01/2020 Monograph ( Printed materials)

 

Arrupe Library. PO Box MP320 Mt Pleasant, Harare, Zimbabwe
263 242 745411|librarian@aju.ac.zw